[Event "Titled Tuesday intern op 12th Mar Late"]
[Site "Chess.com INT"]
[Date "2024.03.12"]
[Round "2"]
[White "Novikov, Evgenij"]
[Black "Kraus, Tomas"]
[Result "1-0"]
[WhiteElo "2276"]
[BlackElo "2501"]
[PlyCount "41"]
[EventDate "2024.03.12"]
[EventType "swiss (blitz)"]
[EventRounds "11"]
[EventCountry "USA"]
[SourceTitle "CB12_2024"]
[SourceDate "2023.10.01"]
[SourceVersion "1"]
[SourceVersionDate "2023.10.01"]
[SourceQuality "1"]

1. e4 c6 2. d4 d5 3. e5 Bf5 4. h4 h5 5. Bg5 Qb6 6. Bd3 Bxd3 7. Qxd3 Qxb2 8. e6 Qxa1 9. Qb3 b5 10. Nf3 a5 11. 0-0 a4 12. exf7+ Kxf7 13. Ne5+ Ke8 14. Qh3 Kd8 15. Nc3 Qb2 16. Rb1 Qxc2 17. Rxb5 cxb5 18. Nxd5 Qd1+ 19. Kh2 Nh6 20. Nb6 Na6 21. Qd7# 1-0

[Event "Prague op"]
[Site "Prague"]
[Date "2024.03.07"]
[Round "9"]
[White "Kraus, Tomas"]
[Black "Simek, Petr1"]
[Result "1/2-1/2"]
[WhiteElo "2497"]
[BlackElo "2290"]
[PlyCount "75"]
[EventDate "2024.02.28"]
[EventType "swiss"]
[EventRounds "9"]
[EventCountry "CZE"]
[SourceTitle "CB11_2024"]
[SourceDate "2024.03.13"]
[SourceVersion "1"]
[SourceVersionDate "2024.03.13"]
[SourceQuality "1"]

1. e4 e5 2. Nf3 Nc6 3. Bc4 Nf6 4. d3 Bc5 5. Bg5 h6 6. Bh4 Be7 7. Bg3 d6 8. a4 Na5 9. Ba2 c5 10. 0-0 Nc6 11. c3 0-0 12. Re1 Nh7 13. Nbd2 Ng5 14. h3 Be6 15. Bxe6 Nxe6 16. Nc4 Bg5 17. a5 Rc8 18. Qb3 Qd7 19. Nh2 Bf4 20. Nf1 Kh7 21. Nfe3 Bxe3 22. Nxe3 Ne7 23. Bh2 Rfd8 24. Rf1 f6 25. Nd5 Re8 26. Nxe7 Rxe7 27. f4 exf4 28. Bxf4 Nxf4 29. Rxf4 Re5 30. c4 Rce8 31. Raf1 R8e7 32. Qc3 Qc6 33. Kh2 Kg8 34. g4 b5 35. axb6 Qxb6 36. Ra1 Rb7 37. Rf2 Re8 38. Kg2 1/2-1/2

[Event "Prague op"]
[Site "Prague"]
[Date "2024.03.03"]
[Round "5"]
[White "Kraus, Tomas"]
[Black "Vojta, Jakub"]
[Result "1-0"]
[WhiteElo "2497"]
[BlackElo "2251"]
[PlyCount "89"]
[EventDate "2024.02.28"]
[EventType "swiss"]
[EventRounds "9"]
[EventCountry "CZE"]
[SourceTitle "CB11_2024"]
[SourceDate "2024.03.13"]
[SourceVersion "1"]
[SourceVersionDate "2024.03.13"]
[SourceQuality "1"]

1. e4 c6 2. d4 d5 3. Nc3 dxe4 4. Nxe4 Nf6 5. Nxf6+ exf6 6. c3 Bd6 7. Bd3 0-0 8. Qf3 Re8+ 9. Ne2 Nd7 10. 0-0 Nf8 11. Bf4 Ng6 12. Bxd6 Qxd6 13. Rfe1 Be6 14. Qg3 Qxg3 15. hxg3 Bd5 16. f3 Re3 17. Red1 Rae8 18. Kf2 R3e7 19. c4 Be6 20. Rd2 Rd8 21. Rad1 Red7 22. b3 Kf8 23. Bc2 h6 24. g4 Kg8 25. Rh1 a6 26. Rh5 Ne7 27. a4 Kf8 28. a5 Ng8 29. Rh1 Ne7 30. Rhd1 f5 31. gxf5 Bxf5 32. Be4 Rd6 33. Nc3 Bc8 34. Na4 f5 35. Bc2 g5 36. g3 Kg7 37. Nc5 Ng8 38. Bb1 Nf6 39. Re2 Kf8 40. Re5 Rxd4 41. Rxd4 Rxd4 42. Bxf5 Bxf5 43. Rxf5 Ke7 44. Nxb7 Nd7 45. Ke2 1-0

[Event "Mitropa Cup"]
[Site "Apolda"]
[Date "2024.02.20"]
[Round "6.10"]
[White "Kraus, Tomas"]
[Black "Turcan, Richard"]
[Result "1-0"]
[WhiteElo "2497"]
[BlackElo "2396"]
[PlyCount "110"]
[EventDate "2024.02.15"]
[EventType "team-tourn"]
[EventRounds "9"]
[EventCountry "GER"]
[SourceTitle "CB09_2024"]
[SourceDate "2024.02.28"]
[SourceVersion "1"]
[SourceVersionDate "2024.02.28"]
[SourceQuality "1"]
[WhiteTeam "Czech Republic"]
[BlackTeam "Slovakia"]
[WhiteTeamCountry "CZE"]
[BlackTeamCountry "SVK"]

1. c4 c5 2. Nc3 Nc6 3. e3 Nf6 4. d4 cxd4 5. exd4 d5 6. Bg5 Be6 7. a3 g6 8. Bxf6 exf6 9. g3 Bh6 10. Bg2 Ne7 11. c5 0-0 12. Nge2 Qd7 13. Qa4 Qxa4 14. Nxa4 Rfe8 15. Nac3 Nc6 16. Rd1 Rad8 17. b4 Kg7 18. h3 Bf5 19. f4 Bc2 20. Rd2 Bb3 21. Kf2 Bc4 22. Re1 g5 23. fxg5 Bxg5 24. Nf4 Rxe1 25. Kxe1 Bxf4 26. gxf4 Ne7 27. Kf2 Ng6 28. Kg3 f5 29. b5 Kf6 30. a4 h5 31. Rf2 h4+ 32. Kf3 Bd3 33. Ke3 Be4 34. Bf3 Nf8 35. Bxe4 fxe4 36. f5 Kg5 37. a5 Nh7 38. b6 axb6 39. axb6 Nf6 40. Nb5 Ra8 41. Rb2 Nd7 42. Rg2+ Kxf5 43. Rf2+ Kg6 44. Nd6 Ra3+ 45. Kf4 Rg3 46. Nxb7 Kf6 47. Nd6 Nf8 48. Nxe4+ dxe4 49. Kxe4+ Ke7 50. c6 Ne6 51. d5 Nc5+ 52. Kd4 Nb3+ 53. Kc4 Kd6 54. c7 Na5+ 55. Kb5 Kxd5 1-0

[Event "Mitropa Cup"]
[Site "Apolda"]
[Date "2024.02.19"]
[Round "5.10"]
[White "Bogner, Sebastian"]
[Black "Kraus, Tomas"]
[Result "1-0"]
[WhiteElo "2538"]
[BlackElo "2497"]
[PlyCount "80"]
[EventDate "2024.02.15"]
[EventType "team-tourn"]
[EventRounds "9"]
[EventCountry "GER"]
[SourceTitle "CB09_2024"]
[SourceDate "2024.02.28"]
[SourceVersion "1"]
[SourceVersionDate "2024.02.28"]
[SourceQuality "1"]
[WhiteTeam "Switzerland"]
[BlackTeam "Czech Republic"]
[WhiteTeamCountry "SUI"]
[BlackTeamCountry "CZE"]

1. Nf3 d5 2. g3 Nd7 3. d4 Nb6 4. Nc3 Nf6 5. Bg2 Bf5 6. Nh4 e6 7. Nxf5 exf5 8. 0-0 Be7 9. Qd3 g6 10. a4 a5 11. f3 0-0 12. e4 fxe4 13. fxe4 dxe4 14. Nxe4 Nxe4 15. Bxe4 Bf6 16. c3 c6 17. h4 Bg7 18. h5 Qd7 19. Kg2 Rae8 20. Bf3 Qe6 21. Rf2 Qb3 22. Bd1 Qd5+ 23. Bf3 Qb3 24. Qc2 Qe6 25. Re2 Qd7 26. Be3 Nd5 27. Bf2 Rxe2 28. Qxe2 Re8 29. Qd2 Qf5 30. hxg6 Qxg6 31. Rh1 Nf6 32. Re1 Ne4 33. Qc2 f5 34. Qb3+ Kh8 35. Qxb7 Rf8 36. Qe7 Nxf2 37. Re6 Qf7 38. Qxf7 Rxf7 39. Kxf2 f4 40. g4 h5 1-0

[Event "Titled Tuesday intern op 16th Jan Early"]
[Site "Chess.com INT"]
[Date "2024.01.16"]
[Round "5"]
[White "Womacka, Mathias"]
[Black "Kraus, Tomas"]
[Result "1-0"]
[WhiteElo "2357"]
[BlackElo "2484"]
[PlyCount "33"]
[EventDate "2024.01.16"]
[EventType "swiss (blitz)"]
[EventRounds "11"]
[EventCountry "USA"]
[SourceTitle "CB04_2024"]
[SourceDate "2023.10.16"]
[SourceVersion "1"]
[SourceVersionDate "2023.10.16"]
[SourceQuality "1"]

1. e4 c5 2. Nf3 e6 3. d4 cxd4 4. Nxd4 a6 5. Bd3 Qc7 6. Qe2 Nf6 7. 0-0 Bc5 8. Nb3 Ba7 9. e5 Nd5 10. c4 Ne7 11. Bf4 Ng6 12. Bg3 Nc6 13. Re1 h5 14. h4 0-0 15. Qxh5 Nce7 16. Nc3 Nh8 17. Bh7# 1-0

[Event "Titled Tuesday intern op 09th Jan Early"]
[Site "Chess.com INT"]
[Date "2024.01.09"]
[Round "10"]
[White "Franchini, Gabriele"]
[Black "Kraus, Tomas"]
[Result "1-0"]
[WhiteElo "2173"]
[BlackElo "2484"]
[PlyCount "115"]
[EventDate "2024.01.09"]
[EventType "swiss (blitz)"]
[EventRounds "11"]
[EventCountry "USA"]
[SourceTitle "CB03_2024"]
[SourceDate "2024.01.17"]
[SourceVersion "1"]
[SourceVersionDate "2024.01.17"]
[SourceQuality "1"]

1. e4 c5 2. Nc3 e6 3. f4 a6 4. Nf3 Qc7 5. g3 b5 6. Bg2 Bb7 7. d3 d5 8. 0-0 Be7 9. exd5 exd5 10. d4 Nf6 11. Be3 Ng4 12. Qd2 Nxe3 13. Qxe3 0-0 14. Rad1 cxd4 15. Nxd4 Bc5 16. Kh1 Nd7 17. Nxd5 Qd6 18. Nf5 Bxe3 19. Nxd6 Bxd5 20. Bxd5 Rad8 21. Rfe1 Bc5 22. Nb7 Rc8 23. Nxc5 Nxc5 24. Re7 Ne6 25. Bxe6 fxe6 26. c3 b4 27. Rdd7 Rf6 28. Rxg7+ Kf8 29. Rxh7 Ke8 30. Rb7 bxc3 31. bxc3 e5 32. Rh8+ Rf8 33. Rxf8+ Kxf8 34. fxe5 Rxc3 35. Rb2 Ke7 36. Re2 Ke6 37. Kg2 a5 38. Kh3 a4 39. Kh4 Rc4+ 40. g4 Rb4 41. Re3 Rb2 42. Ra3 Rxh2+ 43. Kg5 Kxe5 44. Rxa4 Rf2 45. Ra5+ Ke6 46. a4 Rb2 47. Ra6+ Ke5 48. Ra5+ Ke6 49. Kg6 Rb4 50. g5 Rb6 51. Kg7 Ke7 52. Re5+ Kd6 53. Re4 Kd7 54. g6 Rb7 55. Kh8 Kd8 56. g7 Rxg7 57. Kxg7 Kc7 58. Rb4 1-0

[Event "Titled Tuesday intern op 09th Jan Early"]
[Site "Chess.com INT"]
[Date "2024.01.09"]
[Round "8"]
[White "Mayaud, Raphael"]
[Black "Kraus, Tomas"]
[Result "0-1"]
[WhiteElo "2155"]
[BlackElo "2484"]
[PlyCount "98"]
[EventDate "2024.01.09"]
[EventType "swiss (blitz)"]
[EventRounds "11"]
[EventCountry "USA"]
[SourceTitle "CB03_2024"]
[SourceDate "2024.01.17"]
[SourceVersion "1"]
[SourceVersionDate "2024.01.17"]
[SourceQuality "1"]

1. d4 d5 2. Nf3 Nf6 3. c4 c6 4. Nc3 dxc4 5. a4 Nd5 6. e4 Nxc3 7. bxc3 b5 8. g3 Bb7 9. Bg2 e6 10. 0-0 Be7 11. Qc2 0-0 12. Rd1 a6 13. Ba3 Bxa3 14. Rxa3 Qe7 15. Ra2 Nd7 16. Rb1 e5 17. h4 Rfb8 18. Nd2 exd4 19. cxd4 Nb6 20. axb5 cxb5 21. d5 Na4 22. f4 Nc5 23. e5 Nd3 24. Rd1 Qc5+ 25. Kh2 Bxd5 26. Nf3 Qc6 27. Nd4 Qb7 28. Bh3 Nf2 29. Qxf2 b4 30. f5 b3 31. Rb2 c3 32. Rxb3 Bxb3 33. Nxb3 Qxb3 34. Rc1 Qb2 35. Rc2 Qb3 36. f6 Qxc2 37. Qxc2 Rb2 38. Bf5 Rxc2+ 39. Bxc2 Rb8 40. Kh3 Rb2 41. Be4 c2 42. Bxc2 Rxc2 43. g4 gxf6 44. g5 fxg5 45. h5 Rc4 46. Kg3 h6 47. Kf3 Kf8 48. Ke3 Ke7 49. Kd3 Rf4 0-1

[Event "Titled Tuesday intern op 09th Jan Early"]
[Site "Chess.com INT"]
[Date "2024.01.09"]
[Round "2"]
[White "Mirzoev, Azer"]
[Black "Kraus, Tomas"]
[Result "1-0"]
[WhiteElo "2447"]
[BlackElo "2484"]
[PlyCount "69"]
[EventDate "2024.01.09"]
[EventType "swiss (blitz)"]
[EventRounds "11"]
[EventCountry "USA"]
[SourceTitle "CB03_2024"]
[SourceDate "2024.01.17"]
[SourceVersion "1"]
[SourceVersionDate "2024.01.17"]
[SourceQuality "1"]

1. c4 c5 2. Nc3 Nc6 3. g3 g6 4. Bg2 Bg7 5. h4 h5 6. a3 Nf6 7. d3 0-0 8. Rb1 d6 9. b4 Nd7 10. Bd2 cxb4 11. axb4 a5 12. b5 Nb4 13. Nh3 Qc7 14. Nf4 e6 15. 0-0 Rb8 16. Na4 b6 17. Bxb4 axb4 18. Rxb4 Bb7 19. Bxb7 Qxb7 20. Qd2 Nc5 21. Nc3 Rfd8 22. Rbb1 Nd7 23. Ne4 Nf6 24. Nxf6+ Bxf6 25. Ng2 d5 26. cxd5 Rxd5 27. Rfc1 Rc8 28. Ne3 Rdc5 29. Rxc5 Rxc5 30. Nc4 Qd7 31. Qf4 Bg7 32. Qb8+ Kh7 33. Qxb6 Rf5 34. Qd6 Bd4 35. Qxd7 1-0

[Event "Titled Tuesday intern op 09th Jan Early"]
[Site "Chess.com INT"]
[Date "2024.01.09"]
[Round "5"]
[White "Winkels, Marcel"]
[Black "Kraus, Tomas"]
[Result "1-0"]
[WhiteElo "1901"]
[BlackElo "2484"]
[PlyCount "65"]
[EventDate "2024.01.09"]
[EventType "swiss (blitz)"]
[EventRounds "11"]
[EventCountry "USA"]
[SourceTitle "CB03_2024"]
[SourceDate "2024.01.17"]
[SourceVersion "1"]
[SourceVersionDate "2024.01.17"]
[SourceQuality "1"]

1. e4 c5 2. a3 e6 3. Nf3 a6 4. d4 cxd4 5. Nxd4 Qc7 6. Nc3 b5 7. g3 Bb7 8. Bg2 Bc5 9. 0-0 Ne7 10. Be3 0-0 11. Qd2 b4 12. Na4 bxa3 13. Nxc5 axb2 14. Rab1 Qxc5 15. Nxe6 Qc8 16. Nxf8 Kxf8 17. Rxb2 Nbc6 18. Bc5 Ne5 19. Qd6 N5g6 20. h4 h5 21. f4 Qc6 22. f5 Rc8 23. fxg6 Qxc5+ 24. Qxc5 Rxc5 25. Rxf7+ Kg8 26. Rxb7 Nxg6 27. Rbxd7 Ne5 28. Rxg7+ Kf8 29. Rc7 Rb5 30. Rh7 Rb1+ 31. Bf1 Nf3+ 32. Kf2 Ne5 33. Rh8# 1-0

[Event "Titled Tuesday intern op 14th Nov Early"]
[Site "Chess.com INT"]
[Date "2023.11.14"]
[Round "7"]
[White "Kraus, Tomas"]
[Black "Vivaan, Vishal Shah"]
[Result "0-1"]
[WhiteElo "2481"]
[BlackElo "1774"]
[PlyCount "70"]
[EventDate "2023.11.14"]
[EventType "swiss (blitz)"]
[EventRounds "11"]
[EventCountry "USA"]
[SourceTitle "CB47_2023"]
[SourceDate "2023.11.22"]
[SourceVersion "1"]
[SourceVersionDate "2023.11.22"]
[SourceQuality "1"]

1. e4 c5 2. Nc3 Nc6 3. f4 g6 4. Nf3 Bg7 5. g3 d6 6. Bg2 e5 7. d3 exf4 8. gxf4 Nge7 9. 0-0 0-0 10. h3 f5 11. Be3 fxe4 12. dxe4 h6 13. Qd2 Be6 14. Rad1 Qd7 15. Kh2 Rad8 16. a3 a6 17. Nh4 g5 18. fxg5 Be5+ 19. Kg1 Bxh3 20. g6 Qg4 21. Nf5 Nxf5 22. exf5 Nd4 23. Nd5 Ne2+ 24. Qxe2 Qxe2 25. Rd2 Qg4 26. Bxh6 Bxg2 27. Ne7+ Kh8 28. Rxg2 Bd4+ 29. Be3 Bxe3+ 30. Kh1 Qe4 31. g7+ Kh7 32. gxf8Q Rxf8 33. f6 Bf4 34. Ng6 Rxf6 35. Nxf4 Rxf4 0-1

[Event "Skalica op-A"]
[Site "Skalica"]
[Date "2023.08.25"]
[Round "7"]
[White "Kraus, Tomas"]
[Black "Mica, Marek"]
[Result "1-0"]
[WhiteElo "2480"]
[BlackElo "2317"]
[PlyCount "85"]
[EventDate "2023.08.19"]
[EventType "swiss"]
[EventRounds "9"]
[EventCountry "SVK"]
[SourceTitle "CBM 215 Extra"]
[Source "ChessBase"]
[SourceDate "2023.09.30"]
[SourceVersion "1"]
[SourceVersionDate "2023.09.30"]
[SourceQuality "1"]

1. d4 d5 2. Nf3 Nf6 3. c4 e6 4. e3 a6 5. b3 b6 6. Bb2 Bb7 7. cxd5 exd5 8. g3 Nbd7 9. Bg2 Bd6 10. Nc3 0-0 11. 0-0 Re8 12. Rc1 Qe7 13. Re1 Rad8 14. Re2 c5 15. Nh4 Qe6 16. Qf1 g5 17. Bh3 g4 18. Bg2 Nf8 19. Na4 N6d7 20. Nxb6 Nxb6 21. dxc5 Be7 22. cxb6 Bxh4 23. gxh4 Ng6 24. Qd1 d4 25. Bxb7 Qxb6 26. Bc6 Re6 27. Bxd4 Qa5 28. Rec2 Qh5 29. Rc5 Qxh4 30. Qf1 Rxd4 31. exd4 Nf4 32. Bg2 Rh6 33. h3 Rg6 34. Kh1 gxh3 35. Be4 Rg2 36. Rf5 Rxf2 37. Qg1+ Rg2 38. Rxf4 Qh6 39. Rg4+ Kf8 40. Bxg2 hxg2+ 41. Kxg2 Qd2+ 42. Kf3 Qd3+ 43. Qe3 1-0

[Event "Skalica op-A"]
[Site "Skalica"]
[Date "2023.08.22"]
[Round "4"]
[White "Rakhmangulova, Anastasiya"]
[Black "Kraus, Tomas"]
[Result "1/2-1/2"]
[WhiteElo "2341"]
[BlackElo "2480"]
[PlyCount "78"]
[EventDate "2023.08.19"]
[EventType "swiss"]
[EventRounds "9"]
[EventCountry "SVK"]
[SourceTitle "CBM 215 Extra"]
[Source "ChessBase"]
[SourceDate "2023.09.30"]
[SourceVersion "1"]
[SourceVersionDate "2023.09.30"]
[SourceQuality "1"]

1. e4 c5 2. c3 Nf6 3. e5 Nd5 4. d4 cxd4 5. Nf3 Nc6 6. cxd4 d6 7. Bc4 dxe5 8. dxe5 Ndb4 9. Qb3 e6 10. 0-0 Na5 11. Bb5+ Bd7 12. Qa4 Bxb5 13. Qxb5+ Nac6 14. Nc3 a6 15. Qe2 Qd3 16. Rd1 Qxe2 17. Nxe2 Be7 18. Bd2 0-0-0 19. Bxb4 Nxb4 20. Nfd4 Kb8 21. a3 Nd5 22. Rd3 Rd7 23. Rad1 Rhd8 24. b4 Nb6 25. f4 Ka8 26. Rc1 g5 27. g3 f6 28. Rf3 g4 29. Re3 Rxd4 30. Nxd4 Rxd4 31. exf6 Bxf6 32. Rxe6 Nd5 33. Rc5 Rd1+ 34. Kf2 Bc3 35. f5 Rd3 36. Ke2 Rd2+ 37. Kf1 Rd1+ 38. Ke2 Rd2+ 39. Kf1 Rd1+ 1/2-1/2

[Event "Stare Mesto op"]
[Site "Stare Mesto"]
[Date "2023.08.07"]
[Round "3"]
[White "Kraus, Tomas"]
[Black "Stocek, Jiri"]
[Result "0-1"]
[WhiteElo "2480"]
[BlackElo "2525"]
[PlyCount "154"]
[EventDate "2023.08.05"]
[EventType "swiss"]
[EventRounds "9"]
[EventCountry "CZE"]
[SourceTitle "EXT 2024"]
[Source "ChessBase"]
[SourceDate "2023.10.10"]
[SourceVersion "1"]
[SourceVersionDate "2023.10.10"]
[SourceQuality "1"]

1. e4 e6 2. d4 d5 3. e5 c5 4. c3 Nc6 5. Nf3 Bd7 6. Be2 Rc8 7. 0-0 h6 8. Kh1 a6 9. b3 g5 10. Bb2 cxd4 11. cxd4 Nge7 12. Nc3 Ng6 13. g3 g4 14. Ne1 h5 15. Nc2 b5 16. Bd3 Nb4 17. Nxb4 Bxb4 18. Ne2 f5 19. exf6 Qxf6 20. f3 gxf3 21. Ng1 f2 22. Nh3 Be1 23. Qe2 Rf8 24. Qxh5 Ke7 25. Bxg6 Rh8 26. Bh7 Rcg8 27. Bc1 Be8 28. Bg5 Bxh5 29. Bxf6+ Kxf6 30. Nxf2 Rxh7 31. Raxe1 Ke7 32. Nd3 Kd6 33. Rf6 Bg4 34. Nc5 Rgh8 35. h4 Ke7 36. Rf4 Rg7 37. b4 Rhg8 38. Kh2 Kd6 39. Re3 Bf5 40. Ra3 Ke7 41. Kg2 Rg4 42. Raf3 R4g7 43. Kf2 Kd6 44. Ra3 Ke7 45. Re3 Kd6 46. Rc3 Rg4 47. Rxg4 Rxg4 48. Nb3 e5 49. Rf3 Ke6 50. Re3 e4 51. Nc5+ Kd6 52. Nxa6 Rg7 53. Nc5 Ra7 54. a3 Bh3 55. Kg1 Rf7 56. Kh2 Bg4 57. Kg2 Bd1 58. Rc3 Be2 59. Nb3 Bf1+ 60. Kg1 Be2 61. Nd2 Ke6 62. Re3 Bh5 63. Nf1 Rc7 64. Nh2 Kf5 65. Re1 Rc3 66. Rf1+ Bf3 67. h5 Kg5 68. Nxf3+ exf3 69. Kf2 Kg4 70. Rh1 Rc2+ 71. Ke3 Re2+ 72. Kd3 Re7 73. h6 f2 74. Kd2 Kxg3 75. h7 Rxh7 76. Rxh7 f1Q 77. Rg7+ Kh4 0-1